000 00307nam a22001217a 4500
041 _aENG
100 _aLucia.M.D
245 _aAgricultural Engineering In Development Post Harvesnt Operatio Ns And Mangement Of Foodgram
260 _aNew Delhi
_bFAO
_c1994
300 _a160
650 _aFAO
856 _uFAO
999 _c2592
_d2592